000 00470nam a2200145Ia 4500
008 210716s2016 xx 000 0 und d
041 _aeng
082 _a658.4038011 SIEE
100 _aSiegel, Eric.
245 _aPredictive analytics: the power to predict who will click buy lie or die.
_bPower to predict who will click buy lie or die.
250 _a1
260 _aNew Delhi
_bWiley India Pvt Ltd
_c2016
300 _axxxi,332
650 _aDecision making(658.403)
999 _c209966
_d209966